[Event "Charleville Mezieres op 14th"]
[Site "Charleville Mezieres"]
[Date "2017.12.26"]
[Round "6"]
[White "De Andrade, Mathis"]
[Black "Habart, Thomas"]
[Result "1-0"]
[WhiteElo "1299"]
[BlackElo "1450"]
[PlyCount "43"]
[EventDate "2017.12.26"]
[EventType "swiss"]
[EventRounds "7"]
[EventCountry "FRA"]
[SourceTitle "CBM 182 Extra"]
[Source "ChessBase"]
[SourceDate "2018.02.23"]
[SourceVersion "1"]
[SourceVersionDate "2018.02.23"]
[SourceQuality "1"]

1. e4 c5 2. Nf3 d6 3. d4 cxd4 4. Nxd4 g6 5. Nc3 Bg7 6. f4 e5 7. Bb5+ Bd7 8. Nb3 exf4 9. Bxd7+ Nxd7 10. Bxf4 Ngf6 11. Qxd6 Nb6 12. Qe5+ Qe7 13. Qxe7+ Kxe7 14. Bg5 Ke8 15. 0-0-0 Ng4 16. Nb5 Rc8 17. Nxa7 Nf2 18. Nxc8 f6 19. Bxf6 Nxd1 20. Bxg7 Rg8 21. Nxb6 Rxg7 22. Kxd1 1-0